000
00320nam a2200133 a 4500
008
141008s2007|||| d
100
1
_a
Konigová, Marie
245
1
0
_a
Tvorivosť
_b
Techniky a cvičenia
260
_b
Grada
_a
Havlíčkov Brod
_c
2007
020
_c
3,99
041
_a
slo
044
_a
xo
_c
SK
958
_a
APR
999
_c
20469
_d
20469